Champions League goalscorers in the final - Statistics

General Stats
  • This quiz has been taken 175 times
    5 since last reset
  • The average score is 59 of 87
Answer Stats
year game min Answer % Correct
63' Desire Doue
100%
12' Achraf Hakimi
75%
65' Alessandro Del Piero
75%
55' Alvaro Morata
75%
2012/13 Bayern München 2:1 Borussia Dortmund 89' Arjen Robben
75%
61' Casemiro
75%
64' Cristiano Ronaldo
75%
20' Cristiano Ronaldo
75%
2013/14 Real Madrid 4:1 Atletico Madrid 120 Cristiano Ronaldo
75%
26' Cristiano Ronaldo
75%
74' Dani Carvajal
75%
2010/11 Barcelona 3:1 Manchester United 69' David Villa
75%
71' Deco
75%
20' Desire Doue
75%
2011/12 Bayern München 3:4 Chelsea (1:1) 88' Didier Drogba
75%
36' Diego Godin
75%
2009/10 Bayern München 0:2 Inter Mailand 70' Diego Milito
75%
35' Diego Milito
75%
2006/07 Ac Mailand 2:1 Liverpool 89' Dirk Kuyt
75%
2018/20 Tottenham 0:2 Liverpool 87' Divock Origi
75%
82' Filippo Inzaghi
75%
45' Filippo Inzaghi
75%
2007/08 Manchester United 6:5 Chelsea (1:1) 45' Frank Lampard
75%
2017/18 Real Madrid 3:1 Liverpool 83' Gareth Bale
75%
64' Gareth Bale
75%
110' Gareth Bale
75%
44' Hernan Crespo
75%
39' Hernan Crespo
75%
68' Ilkay Gündogan
75%
4' Ivan Rakitic
75%
2005/06 Barcelona 2:1 Arsenal 80' Juliano Beletti
75%
2020/21 Manchester City 0:1 Chelsea 42' Kai Havertz
75%
51' Karim Benzema
75%
2019/20 Paris St-Germain 0:1 Bayern München 59' Kingsley Coman
75%
73' Kvicha Kvaratskhelia
75%
54' Lionel Messi
75%
2008/09 Barcelona 2:0 Manchester United 71' Lionel Messi
75%
13' Lucio
75%
68' Luis Suarez
75%
118' Marcelo
75%
2016/17 Juventus Turin 1:4 Real Madrid 90' Marco Asensio
75%
27' Mario Mandzukic
75%
60' Mario Mandzukic
75%
67' McManaman
75%
2' Mohamed Salah
75%
2014/15 Barcelona 3:1 Juventus Turin 90+7' Neymar
75%
1998/99 Bayern München 1:2 Manchester United 90+3' Ole Gunnar Solskjaer
75%
1' Paolo Maldini
75%
27' Pedro
75%
8' Raul
75%
1999/00 Real Madrid 3:0 Valencia 75' Raul
75%
2022/23 Manchester City 1:0 Inter Mailand 68' Rodri
75%
55' Sadio Mane
75%
10' Samuel Etoo
75%
76' Samuel Eto'o
75%
2024/25 Paris St-Germain 5:0 Inter Mailand 86' Senny Mayulu
75%
15' Sergio Ramos
75%
90+3' Sergio Ramos
75%
56' Smicer
75%
37' Sol Campbell
75%
54' Steven Gerrard
75%
90+1' Teddy Sherringham
75%
83' Thomas Müller
75%
2023/24 Borussia Dortmund 0:2 Real Madrid 83' Vinicius Jr
75%
2021/22 Liverpool 0:1 Real Madrid 59' Vinicius Jr
75%
34' Wayne Rooney
75%
2004/05 Ac Mailand 5:6 Liverpool (3:3) 60' Xabi Alonso
75%
2015/16 Real Madrid 5:3 Atletico Madrid (1:1) 79' Yannick Carrasco
75%
2001/02 Bayer 04 Leverkusen 1:2 Real Madrid 45' Zinedine Zidane
75%
39' Carlos Alberto
50%
39' Fernando Morientes
50%
2' Gaizka Mendieta
50%
34' Karl Heinz Riedle
50%
29' Karl Heinz Riedle
50%
1996/97 Borussia Dortmund 3:1 Juventus Turin 71' Lars Ricken
50%
6' Mario Basler
50%
1994/95 Ajax Amsterdam 1:0 Ac Mailand 84' Patrick Kluivert
50%
2000/01 Bayern München 5:4 Valencia (1:1) 50' Stefan Effenberg
50%
1992/93 Olympique Marseille 1:0 Ac Mailand 43' Basile Boli
25%
45+3' Daniele Massaro
25%
22' Daniele Massaro
25%
47' Dejan Savicevic
25%
2003/04 As Monaco 0:3 Porto 75' Dmitri Alenichev
25%
12' Fabrizio Ravanelli
25%
1995/96 Juventus Turin 4:2 Ajax Amsterdam (1:1) 41' Jari Litmanen
25%
1993/94 Ac Mailand 4:0 Barcelona 58' Marcel Desailly
25%
1997/98 Juventus Turin 0:1 Real Madrid 66' Predrag Mijatovic
25%
No matching quizzes found
Score Distribution
Percent of People with Each Score
Percentile by Number Answered
Your Score History
You have not taken this quiz since the last reset